LIBRARY & INFORMATION CENTRE, KCAET, TAVANUR

ONLINE PUBLIC ACCESS CATALOGUE (OPAC)

Modern genetics / (Record no. 1986)

MARC details
000 -LEADER
fixed length control field 00528cam a2200217ua 4500
020 ## - INTERNATIONAL STANDARD BOOK NUMBER
ISBN 0 8053 0320 0
041 ## - LANGUAGE CODE
Language code of text/sound track or separate title eng
082 ## - DEWEY DECIMAL CLASSIFICATION NUMBER
Classification number 581.15
Item number AYA/MO
100 ## - MAIN ENTRY--AUTHOR NAME
Personal name Ayala, .
245 ## - TITLE STATEMENT
Title Modern genetics /
250 ## - EDITION STATEMENT
Edition statement 2 /
260 ## - PUBLICATION, DISTRIBUTION, ETC. (IMPRINT)
Place of publication :
Name of publisher Benjamin/Cumming publishing company ,
Year of publication 1984.
300 ## - PHYSICAL DESCRIPTION
Number of Pages 923 ; .
700 1# - ADDED ENTRY--PERSONAL NAME
Personal name Francisco, J .
700 1# - ADDED ENTRY--PERSONAL NAME
Personal name John, A .
700 1# - ADDED ENTRY--PERSONAL NAME
Personal name Kiger, .
942 ## - ADDED ENTRY ELEMENTS (KOHA)
Koha item type Books
Holdings
Withdrawn status Lost status Damaged status Home library Current library Date acquired Full call number Accession Number Koha item type
      KAUAET KAUAET 08/09/1986 581.15 AYA/MO 15730 Books
free website counter